World agriculture: towards 2015/2030 : (Record no. 20859)

000 -LEADER
fixed length control field 00689cam a22001937a 4500
020 ## - INTERNATIONAL STANDARD BOOK NUMBER
ISBN 9251047618 (pbk)
040 ## - CATALOGING SOURCE
Transcribing agency FQG
082 00 - DEWEY DECIMAL CLASSIFICATION NUMBER
Classification number 338 ROM 2002 A042 Or.
245 00 - TITLE STATEMENT
Title World agriculture: towards 2015/2030 :
Remainder of title summary report.
260 ## - PUBLICATION, DISTRIBUTION, ETC. (IMPRINT)
Place of publication Rome :
Name of publisher Food and Agriculture Organization of the United Nations,
Year of publication 2002.
300 ## - PHYSICAL DESCRIPTION
Number of Pages x, 97 p. :
Other physical details col. ill., col. maps ;
Dimensions 30 cm.
500 ## - GENERAL NOTE
General note "This summary document, which is derived from a full technical report under the same title, was prepared mainly by Paul Harrison"--P. viii.
650 #0 - SUBJECT ADDED ENTRY--TOPICAL TERM
Topical Term Food supply
650 #0 - SUBJECT ADDED ENTRY--TOPICAL TERM
Topical Term Agriculture
650 #0 - SUBJECT ADDED ENTRY--TOPICAL TERM
Topical Term Agriculture
650 #0 - SUBJECT ADDED ENTRY--TOPICAL TERM
Topical Term Produce trade
700 1# - ADDED ENTRY--PERSONAL NAME
Personal name Harrison, Paul,
942 ## - ADDED ENTRY ELEMENTS (KOHA)
Koha item type ADB
952 ## - LOCATION AND ITEM INFORMATION (KOHA)
Withdrawn status [LOCAL, KOHA] 0
Holdings
Permanent Location Date acquired Koha item type Lost status Shelving location Barcode Current Location Full call number
Library Block A2022-12-28ADB A042a069674Library Block A338 ROM 2002 A042 Or.
មជ្ឈមណ្ឌលឯការនៃសាកលវិទ្យាល័យភូមិន្ទកសិកម្មចំការដូង

Powered by Koha